000 00635nam a22001457a 4500
999 _c5266
_d5266
008 250829b ||||| |||| 00| 0 eng d
020 _a9781444921717
082 _a823.92 GOU
100 _aGOUGH,JULIAN
_eAUTHOR
_lENGLISH
245 _aRABBIT&BEAR
_bTHE PEST IN THE NEST
260 _aCARMELITE HOUSE 50 VICTORIA EMBANKMENT LONDON EC4Y 0DZ
_bHODDER'S CHILDREN'S GROUP/IMPRINT OF HACHETTE'S CHILDREN'S GROUP
_c2017
300 _a94 PAGES
_bCOLOUR ILLUSTRATIONS
500 _aBetween his friend Bear's snoring and annoying neighbors, Rabbit cannot find any peace and quiet, but perhaps Bear can give Rabbit a new perspective.
942 _2ddc